Statistiken für Gesetzliche Feiertage 2023 in Deutschland

Klicken Sie hier um das Quiz zu spielen!

Allgemein

  • Dieses Quiz wurde 766 mal gespielt
  • Das Durchschnittsergebnis liegt bei 12 aus 18

Antwortstatistiken

DatumAntwort% Korrekt
01.01.2023Neujahr
99%
10.04.2023Ostermontag
88%
09.04.2023Ostersonntag
87%
03.10.2023Tag der deutschen Einheit
87%
06.01.2023Heilige Drei Könige
86%
07.04.2023Karfreitag
86%
01.05.2023Tag der Arbeit
79%
1.11.2023Allerheiligen
74%
29.05.2023Pfingstmontag
72%
18.05.2023Christi Himmelfahrt
69%
28.05.2023Pfingstsonntag
68%
31.10.2023Reformationstag
66%
25.12.20231. Weihnachtsfeiertag
60%
26.12.20232. Weihnachtsfeiertag
60%
15.08.2023Maria Himmelfahrt
45%
08.06.2023Fronleichnam
40%
08.03.2023Internationaler Frauentag
38%
20.09.2023Weltkindertag
15%

Verteilung der Resultate

Perzentil nach korrekt beantworteten Fragen

Anzahl Personen mit jedem Resultat

Ihre Resultats-Entwicklung

Sie haben dieses Quiz noch nicht gespielt